[Event "2022 Perth Chess Club Championship"]
[Site "Woodvale, Perth WA AUS"]
[Date "2022.05.18"]
[Round "6"]
[White "Walker, Colin"]
[Black "Gough, Sebastian"]
[Result "1-0"]
[WhiteElo "1425"]
[BlackElo "668"]
[PlyCount "81"]
[EventDate "2022.04.13"]
[EventType "swiss"]
[EventRounds "7"]
[EventCountry "AUS"]

1. e4 c5 2. Nf3 Nc6 3. g3 e5 4. d3 g6 5. Bg2 Bg7 6. a3 d6 7. Nc3 Nge7 8. O-O
O-O 9. Bg5 Be6 10. Rb1 Qd7 11. Re1 Rfe8 12. Qc1 Bh3 13. Be3 Bxg2 14. Kxg2 Nd4
15. Ng1 Nec6 16. Nd5 Re6 17. c3 Nb5 18. Qd1 Rae8 19. Qb3 a6 20. a4 Nba7 21. Qb6
Rb8 22. Nf3 Nc8 23. Qb3 b5 24. axb5 axb5 25. Qd1 Nb6 26. b4 cxb4 27. Nxb6 Rxb6
28. Bxb6 Qb7 29. Be3 bxc3 30. Ng5 Re8 31. Qc2 b4 32. Qb3 Ra8 33. Qd5 c2 34.
Rxb4 Qxb4 35. Qxc6 Qxe1 36. Qxa8+ Bf8 37. Qc6 Qd1 38. Qc4 d5 39. Qxd5 Qh5 40.
Qxf7+ Kh8 41. Qxf8# 1-0

[Event "2022 Perth Chess Club Championship"]
[Site "Woodvale, Perth WA AUS"]
[Date "2022.05.18"]
[Round "6"]
[White "Rennie, Mike"]
[Black "Brooke, John"]
[Result "0-1"]
[WhiteElo "818"]
[BlackElo "1291"]
[PlyCount "66"]
[EventDate "2022.04.13"]
[EventType "swiss"]
[EventRounds "7"]
[EventCountry "AUS"]

1. d4 d5 2. e3 Nf6 3. Nc3 Bf5 4. Bb5+ c6 5. Ba4 Nbd7 6. Qf3 e6 7. Nh3 Bb4 8.
O-O Qc7 9. Qf4 Bd6 10. Nb5 cxb5 11. Qxd6 Qxd6 12. Bxb5 Bxc2 13. f3 Bg6 14. Nf4
O-O-O 15. Bd2 Kb8 16. Ba5 Rc8 17. a3 Rc2 18. Bd3 Rxb2 19. Bc3 Rb3 20. Bb4 Qb6
21. Nxg6 hxg6 22. Bc2 Rxe3 23. Bd2 Re2 24. Bf4+ e5 25. Bg3 Qxd4+ 26. Bf2 Qd2
27. Bd1 Rxf2 28. Rxf2 Qd4 29. Rc1 e4 30. Be2 e3 31. Rff1 Ne5 32. Rfd1 Qh4 33.
f4 Qxh2+ 0-1

[Event "2022 Perth Chess Club Championship"]
[Site "Woodvale, Perth WA AUS"]
[Date "2022.05.25"]
[Round "7"]
[White "Saxon, Marc"]
[Black "Maggs, Derwent"]
[Result "0-1"]
[WhiteElo "1980"]
[BlackElo "2292"]
[PlyCount "56"]
[EventDate "2022.04.13"]
[EventType "swiss"]
[EventRounds "7"]
[EventCountry "AUS"]

1. e4 c5 2. Nf3 d6 3. d4 cxd4 4. Nxd4 Nf6 5. Nc3 a6 6. Be3 e5 7. Nb3 Be6 8. Be2
Be7 9. g4 d5 10. exd5 Nxd5 11. Nxd5 Bxd5 12. Rg1 O-O 13. Qd3 Nc6 14. a3 e4 15.
Qd2 Bxb3 16. cxb3 Bf6 17. O-O-O Na5 18. Qb4 Qc7+ 19. Kb1 Rac8 20. Ka2 b5 21.
Qxe4 Bxb2 22. Bd3 g6 23. Rd2 Bg7 24. Rc2 Qd6 25. Rgc1 Rxc2+ 26. Bxc2 Qf6 27.
Rb1 Rc8 28. Bc1 Qxf2 0-1

[Event "2022 Perth Chess Club Championship"]
[Site "Woodvale, Perth WA AUS"]
[Date "2022.05.25"]
[Round "7"]
[White "Janceski, Alex"]
[Black "Gibson, Jacob"]
[Result "0-1"]
[WhiteElo "1845"]
[BlackElo "1620"]
[PlyCount "96"]
[EventDate "2022.04.13"]
[EventType "swiss"]
[EventRounds "7"]
[EventCountry "AUS"]

1. d4 Nf6 2. c4 c5 3. e3 cxd4 4. exd4 d5 5. c5 Nc6 6. Nc3 g6 7. h3 b6 8. Bb5
Bd7 9. Bxc6 Bxc6 10. b4 bxc5 11. bxc5 Bg7 12. Nf3 Ne4 13. Bd2 Nxc3 14. Bxc3 Bb5
15. Rb1 Bc4 16. Qa4+ Qd7 17. Qxd7+ Kxd7 18. a3 Rab8 19. Kd2 Kc6 20. Kc2 Rb5 21.
Rb4 Rhb8 22. Rhb1 a5 23. Rxb5 Bxb5 24. Rb2 a4 25. Kd2 Ra8 26. Rb1 Ra6 27. Re1
Ra7 28. Kc2 Rb7 29. Bb4 e6 30. Kc3 Re7 31. g4 f6 32. h4 e5 33. Kd2 e4 34. Nh2
Bh6+ 35. Kd1 Bc4 36. Nf1 Bf4 37. Ne3 Bd3 38. Ng2 Bc7 39. Kd2 f5 40. gxf5 gxf5
41. Ke3 Bc4 42. Nf4 Rg7 43. Ne6 Rg4 44. Nxc7 Kxc7 45. Rh1 f4+ 46. Kd2 Rg2 47.
Ke1 e3 48. fxe3 f3 0-1

[Event "2022 Perth Chess Club Championship"]
[Site "Woodvale, Perth WA AUS"]
[Date "2022.05.25"]
[Round "7"]
[White "Barry, David"]
[Black "Bhatia, Abhay"]
[Result "1-0"]
[WhiteElo "1820"]
[BlackElo "1612"]
[PlyCount "63"]
[EventDate "2022.04.13"]
[EventType "swiss"]
[EventRounds "7"]
[EventCountry "AUS"]

1. e4 c5 2. Nf3 Nc6 3. d4 cxd4 4. Nxd4 e5 5. Nb5 d6 6. N1c3 a6 7. Na3 b5 8. Nd5
Be7 9. c4 b4 10. Nc2 a5 11. Be3 Rb8 12. Be2 Nf6 13. Nxf6+ Bxf6 14. O-O O-O 15.
Bg4 Qc7 16. Bxc8 Rbxc8 17. b3 Ne7 18. Qd3 Ng6 19. Rad1 Rfd8 20. g3 Ra8 21. Bd2
Qe7 22. Ne3 h5 23. Nd5 Qb7 24. h4 a4 25. Bxb4 axb3 26. axb3 Rab8 27. Nxf6+ gxf6
28. Bxd6 Qc8 29. Qf3 Rb6 30. c5 Rb4 31. Qxf6 Rxe4 32. Bxe5 1-0

[Event "2022 Perth Chess Club Championship"]
[Site "Woodvale, Perth WA AUS"]
[Date "2022.05.25"]
[Round "7"]
[White "Maris, Rob"]
[Black "Boswarva, Ernest"]
[Result "1/2-1/2"]
[WhiteElo "2093"]
[BlackElo "1423"]
[PlyCount "50"]
[EventDate "2022.04.13"]
[EventType "swiss"]
[EventRounds "7"]
[EventCountry "AUS"]

1. c4 c6 2. Nf3 d5 3. b3 Nf6 4. Bb2 e6 5. g3 Bd6 6. d4 Nbd7 7. Nbd2 O-O 8. Bg2
Ne4 9. Nxe4 dxe4 10. Ne5 Nxe5 11. dxe5 Qa5+ 12. Kf1 Bxe5 13. b4 Qc7 14. Rb1 f5
15. f4 exf3 16. Bxf3 f4 17. g4 Rd8 18. Qc2 Bxb2 19. Qxb2 e5 20. Kf2 Be6 21. c5
Rd4 22. Rhd1 Rad8 23. Qc2 Qd7 24. Rxd4 Qxd4+ 25. Kg2 Qd2 1/2-1/2

[Event "2022 Perth Chess Club Championship"]
[Site "Woodvale, Perth WA AUS"]
[Date "2022.05.25"]
[Round "7"]
[White "Gough, Dylan"]
[Black "Hernandez Mendez, Iker"]
[Result "1/2-1/2"]
[WhiteElo "1670"]
[BlackElo "1785"]
[PlyCount "183"]
[EventDate "2022.04.13"]
[EventType "swiss"]
[EventRounds "7"]
[EventCountry "AUS"]

1. d4 Nf6 2. c4 c5 3. e3 e6 4. Nf3 b6 5. Be2 Bb7 6. Nc3 g6 7. O-O Bg7 8. dxc5
bxc5 9. Qd6 Bf8 10. Qd1 a6 11. Qb3 Nc6 12. a3 Rb8 13. Qc2 Bg7 14. Na4 Qe7 15.
Bd2 Ba8 16. Rab1 O-O 17. Ne1 Ne5 18. f4 Be4 19. Bd3 Nxd3 20. Nxd3 Qd6 21. Naxc5
Qxc5 22. Nxc5 Bxc2 23. Rbc1 Bf5 24. Bc3 Rfc8 25. b4 Ne4 26. Bxg7 Kxg7 27. Nxd7
Rb7 28. Ne5 f6 29. Nf3 a5 30. h3 Ng3 31. Rf2 Bd3 32. Kh2 Ne4 33. Rb2 Rxc4 34.
Rxc4 Bxc4 35. Nd4 Kf7 36. Nc6 Rc7 37. Nxa5 Bb5 38. Nb3 e5 39. fxe5 fxe5 40. Nd2
Nd6 41. Nf3 Nc4 42. Rc2 Ra7 43. Nxe5+ Nxe5 44. Rc5 Rxa3 45. Rxe5 Bc6 46. Rc5
Be4 47. Rc7+ Kg8 48. Kg3 Rxe3+ 49. Kf4 Re2 50. Re7 Bd3 51. Rd7 Bb5 52. Rd8+ Kf7
53. Rb8 Bc6 54. g4 Re4+ 55. Kg5 Re5+ 56. Kf4 Rb5 57. Rc8 Rxb4+ 58. Kg5 Bg2 59.
Rc7+ Ke6 60. Rxh7 Be4 61. Ra7 Rb5+ 62. Kf4 Bc2 63. h4 Bd1 64. Ra6+ Kf7 65. Ra7+
Ke8 66. Rg7 Bc2 67. h5 Kf8 68. Rc7 g5+ 69. Ke3 Rb4 70. Rxc2 Rxg4 71. Rc5 Kg7
72. Kf3 Rf4+ 73. Kg3 Kh6 74. Rc8 Kxh5 75. Rh8+ Kg6 76. Rg8+ Kh6 77. Rh8+ Kg7
78. Ra8 Rb4 79. Ra7+ Kg6 80. Ra8 Rh4 81. Ra6+ Kh5 82. Ra5 Rb4 83. Ra3 Rc4 84.
Rb3 Ra4 85. Rc3 g4 86. Rc5+ Kg6 87. Rc6+ Kf7 88. Rc7+ Ke6 89. Rc6+ Ke5 90. Rc5+
Kd4 91. Rg5 Ke3 92. Rxg4 1/2-1/2

[Event "2022 Perth Chess Club Championship"]
[Site "Woodvale, Perth WA AUS"]
[Date "2022.05.25"]
[Round "7"]
[White "List, Ross"]
[Black "Walker, Colin"]
[Result "1-0"]
[WhiteElo "1826"]
[BlackElo "1425"]
[PlyCount "53"]
[EventDate "2022.04.13"]
[EventType "swiss"]
[EventRounds "7"]
[EventCountry "AUS"]

1. d4 d5 2. c4 Nf6 3. cxd5 Nxd5 4. e4 Nb6 5. Nc3 Nc6 6. Be3 g6 7. Nf3 Bg7 8. h3
e6 9. Be2 O-O 10. O-O a6 11. Qd2 Ne7 12. Bh6 f6 13. Bxg7 Kxg7 14. a4 Bd7 15. a5
Nbc8 16. Bc4 c6 17. Rfe1 Nd6 18. Bb3 Nf7 19. Na4 Nc8 20. Nc5 Qc7 21. Bxe6 Be8
22. Bb3 Nd8 23. e5 Ne7 24. Rac1 Nd5 25. Bxd5 cxd5 26. Ne4 dxe4 27. Rxc7+ 1-0

[Event "2022 Perth Chess Club Championship"]
[Site "Woodvale, Perth WA AUS"]
[Date "2022.05.25"]
[Round "7"]
[White "Massam, Justin"]
[Black "Tomic, Nedeljko"]
[Result "0-1"]
[WhiteElo "1424"]
[BlackElo "1732"]
[PlyCount "70"]
[EventDate "2022.04.13"]
[EventType "swiss"]
[EventRounds "7"]
[EventCountry "AUS"]

1. d4 e5 2. dxe5 Nc6 3. Nf3 Bc5 4. Nc3 Nge7 5. Bg5 h6 6. Bh4 g5 7. Bg3 Ng6 8.
Ne4 Be7 9. h3 b6 10. e3 Bb7 11. Bb5 Nb4 12. Nc3 a6 13. Bc4 O-O 14. a3 Bxf3 15.
gxf3 Nc6 16. f4 b5 17. Bd5 b4 18. axb4 Bxb4 19. Qh5 Kg7 20. O-O Bxc3 21. bxc3
f6 22. exf6+ Qxf6 23. Be4 Nge7 24. h4 gxf4 25. Bxf4 Rh8 26. Rad1 d6 27. Kh2
Rag8 28. Bxc6 Nxc6 29. Qg4+ Kh7 30. Qh5 Rg6 31. Rg1 Rhg8 32. Rxg6 Rxg6 33. Rd5
Ne5 34. Kh3 Qe6+ 35. Kh2 Qxd5 0-1

[Event "2022 Perth Chess Club Championship"]
[Site "Woodvale, Perth WA AUS"]
[Date "2022.05.25"]
[Round "7"]
[White "Davis, Geoff"]
[Black "Garang, Kuol Awan"]
[Result "1-0"]
[WhiteElo "1453"]
[BlackElo "1594"]
[PlyCount "135"]
[EventDate "2022.04.13"]
[EventType "swiss"]
[EventRounds "7"]
[EventCountry "AUS"]

1. d4 e5 2. d5 f5 3. c4 Nf6 4. f3 e4 5. e3 Nh5 6. g3 Nf6 7. Bg2 Bc5 8. a3 a6 9.
b4 Ba7 10. Nc3 Qe7 11. c5 exf3 12. Nxf3 Ne4 13. Nxe4 Qxe4 14. Nh4 Qe5 15. Rb1
O-O 16. O-O d6 17. Qc2 Nd7 18. Rxf5 Rxf5 19. Qxf5 dxc5 20. Qxe5 Nxe5 21. b5
axb5 22. Rxb5 Nd3 23. Bd2 Bb6 24. d6 Bd7 25. Bd5+ Kf8 26. Rb3 Ne5 27. dxc7 Bxc7
28. e4 g5 29. Nf3 c4 30. Bb4+ Ke8 31. Rc3 Bb6+ 32. Kg2 Ng4 33. Nxg5 Ne3+ 34.
Kh1 h6 35. Bf7+ Kd8 36. Ne6+ Kc8 37. Bc5 Bxc5 38. Nxc5 Nd1 39. Rxc4 Bc6 40.
Be6+ Kc7 41. a4 Nb2 42. Rd4 b6 43. Nb3 Nxa4 44. Bd5 b5 45. h4 Nc3 46. Bxc6 Kxc6
47. Kg2 Ra2+ 48. Kf3 Rb2 49. Nd2 Kc5 50. Rd8 b4 51. Ke3 Nd1+ 52. Ke2 Nc3+ 53.
Kd3 Kb5 54. e5 Na4 55. Ne4 Rb3+ 56. Kd4 Rb1 57. Rb8+ Kc6 58. e6 Rd1+ 59. Ke5
Rd5+ 60. Kf6 Nb6 61. Rxb6+ Kxb6 62. e7 b3 63. e8=Q Rb5 64. Nc3 b2 65. Qe6+ Ka5
66. Qa2+ Kb6 67. Nxb5 Kxb5 68. Qxb2+ 1-0

[Event "2022 Perth Chess Club Championship"]
[Site "Woodvale, Perth WA AUS"]
[Date "2022.05.25"]
[Round "7"]
[White "Frankland, David"]
[Black "Brooke, John"]
[Result "0-1"]
[WhiteElo "1003"]
[BlackElo "1291"]
[PlyCount "140"]
[EventDate "2022.04.13"]
[EventType "swiss"]
[EventRounds "7"]
[EventCountry "AUS"]

1. e4 e5 2. Nf3 Nc6 3. a3 Bc5 4. Nc3 a6 5. Bc4 d6 6. d3 h6 7. h3 Nge7 8. Na4
Ba7 9. Ba2 Bd7 10. Nc3 b5 11. b4 Nd4 12. Be3 c5 13. Bxd4 cxd4 14. Ne2 Ng6 15.
g3 a5 16. Qd2 Bb6 17. O-O Bxh3 18. Rfc1 Bg4 19. Nh2 Bd7 20. Bd5 Ra7 21. f4 a4
22. Rf1 Qc8 23. f5 Ne7 24. Ba2 Rc7 25. Rac1 Rf8 26. f6 gxf6 27. Rxf6 Rc6 28.
Rxh6 Ng8 29. Rh8 Bd8 30. Bd5 Rc7 31. Ba2 Be6 32. Bb1 Bf6 33. Rh7 Qd8 34. c3 Bg5
35. Qe1 Bxc1 36. Qxc1 Nf6 37. Rg7 Nh5 38. Rh7 Nf6 39. Rh6 Ng4 40. Rh4 Ne3 41.
Qd2 f5 42. Ba2 Bxa2 43. Qxa2 Qe7 44. Rh6 Rf6 45. Rh8+ Kd7 46. Qg8 dxc3 47. Rh7
c2 48. Rxe7+ Kxe7 49. Qg7+ Rf7 50. Qg5+ Kd7 51. Qxe3 f4 52. Qf3 c1=Q+ 53. Nxc1
Rxc1+ 54. Nf1 Ke7 55. g4 Rc3 56. Qh3 Rxa3 57. Qh4+ Kd7 58. Qh3 Kc6 59. Qh6 Rb3
60. Qe6 Rg7 61. Qd5+ Kc7 62. Qxb5 Rxg4+ 63. Kf2 Rb2+ 64. Ke1 Rb1+ 65. Kf2 Rb2+
66. Ke1 Rgg2 67. Qa5+ Kd7 68. Qxa4+ Ke7 69. Qa7+ Ke6 70. Qa5 Rb1# 0-1

[Event "2022 Perth Chess Club Championship"]
[Site "Woodvale, Perth WA AUS"]
[Date "2022.05.25"]
[Round "7"]
[White "De Vas, Senudi"]
[Black "Hounsome, David"]
[Result "0-1"]
[WhiteElo "993"]
[BlackElo "1378"]
[PlyCount "88"]
[EventDate "2022.04.13"]
[EventType "swiss"]
[EventRounds "7"]
[EventCountry "AUS"]

1. d4 d5 2. c4 e6 3. e3 b6 4. Nf3 Nd7 5. Bd3 Ngf6 6. O-O Bb7 7. Nc3 a6 8. e4
dxe4 9. Nxe4 Bxe4 10. Bxe4 Nxe4 11. Qc2 Nef6 12. Ng5 Be7 13. Be3 c5 14. Bf4
cxd4 15. Rfd1 e5 16. Bg3 O-O 17. Re1 Bd6 18. Re4 Nxe4 19. Qxe4 Qxg5 20. Qc6 Qe7
21. Qb7 Rfe8 22. Qe4 Rac8 23. Bh4 f6 24. Qd5+ Kh8 25. Qb7 a5 26. Re1 Rxc4 27.
f4 Rc5 28. fxe5 Rxe5 29. Rxe5 Bxe5 30. Bf2 Qd6 31. g3 d3 32. Qf3 d2 33. Qd1 Rc8
34. Kg2 Rc1 35. Qh5 d1=Q 36. Qe8+ Qf8 37. Qe6 Qd3 38. Bxb6 Qe2+ 39. Bf2 Qd3 40.
Qg4 Rd1 41. Qa4 Qa8+ 42. Kh3 Qf5+ 43. g4 Rd3+ 44. Kh4 Qg5# 0-1

[Event "2022 Perth Chess Club Championship"]
[Site "Woodvale, Perth WA AUS"]
[Date "2022.05.25"]
[Round "7"]
[White "Kwenda, Ridge"]
[Black "Powell, Darren"]
[Result "0-1"]
[WhiteElo "913"]
[BlackElo "1210"]
[PlyCount "58"]
[EventDate "2022.04.13"]
[EventType "swiss"]
[EventRounds "7"]
[EventCountry "AUS"]

1. e4 e5 2. d3 d6 3. Be2 Nc6 4. Nf3 Nf6 5. Nc3 Nd4 6. Bg5 Be7 7. Nxd4 exd4 8.
Nb5 h6 9. Bf4 c5 10. e5 dxe5 11. Bxe5 Qa5+ 12. Qd2 Qxb5 13. c3 Bd8 14. b4 Bb6
15. a4 Qc6 16. Bf3 Qe6 17. Qe2 O-O 18. O-O Re8 19. a5 Bd8 20. bxc5 dxc3 21. d4
Qf5 22. Rfc1 Bc7 23. Rxc3 Bxe5 24. dxe5 Rxe5 25. Qb5 Nd5 26. Bxd5 Rxd5 27. Qe8+
Kh7 28. c6 Rxa5 29. Rxa5 Qb1+ 0-1

[Event "2022 Perth Chess Club Championship"]
[Site "Woodvale, Perth WA AUS"]
[Date "2022.05.25"]
[Round "7"]
[White "Gough, Sebastian"]
[Black "Lanham, Bruce"]
[Result "1-0"]
[WhiteElo "668"]
[BlackElo "1220"]
[PlyCount "29"]
[EventDate "2022.04.13"]
[EventType "swiss"]
[EventRounds "7"]
[EventCountry "AUS"]

1. d4 d5 2. e3 Nf6 3. Bd3 e6 4. f4 c5 5. c3 Nc6 6. Nf3 b6 7. Ne5 Nxe5 8. fxe5
Nd7 9. O-O cxd4 10. cxd4 Be7 11. Rf3 O-O 12. Rh3 f6 13. Bxh7+ Kf7 14. Qh5+ g6
15. Qxg6# 1-0

[Event "2022 Perth Chess Club Championship"]
[Site "Woodvale, Perth WA AUS"]
[Date "2022.05.25"]
[Round "7"]
[White "Rennie, Mike"]
[Black "Markou, Victor"]
[Result "0-1"]
[WhiteElo "818"]
[BlackElo "1108"]
[PlyCount "107"]
[EventDate "2022.04.13"]
[EventType "swiss"]
[EventRounds "7"]
[EventCountry "AUS"]

1. e4 e5 2. d3 Nf6 3. Nf3 d6 4. Bg5 Nbd7 5. Be2 g6 6. O-O Bg7 7. Nc3 O-O 8. Qd2
Re8 9. Nd5 c6 10. Nxf6+ Nxf6 11. d4 Qc7 12. c3 Nxe4 13. Qe3 Nxg5 14. Nxg5 Qe7
15. Bc4 d5 16. Bb3 exd4 17. Qf4 Qf6 18. Qc7 Qxg5 19. Rae1 Rxe1 20. Rxe1 Be6 21.
f4 Qd8 22. Qxb7 Qc8 23. Qe7 dxc3 24. bxc3 Qd8 25. Qg5 Qxg5 26. fxg5 Bxc3 27.
Rc1 d4 28. Ba4 c5 29. Bc6 Rd8 30. Be4 Bd5 31. Bd3 Bd2 32. Rf1 Re8 33. h4 Re1
34. Kf2 Rxf1+ 35. Kxf1 c4 36. Ke2 cxd3+ 37. Kxd2 Bc4 38. a4 Kg7 39. a5 f6 40.
gxf6+ Kxf6 41. g4 g5 42. Kc1 gxh4 43. Kb2 Kg5 44. Ka3 a6 45. Kb4 Bb5 46. Kc5 d2
47. Kb6 d1=Q 48. Kb7 Qa4 49. Kb8 Qxa5 50. Kb7 Kf6 51. Kc8 Ke6 52. Kb8 Kd6 53.
Ka8 Kc7 54. g5 0-1

[Event "2022 Harris Edwardes Interclub Competition (Division A)"]
[Site "Leeming, Perth WA AUS"]
[Date "2022.08.21"]
[Round "1"]
[White "Rodriguez, Juan Talavera"]
[Black "Lakner, Jay"]
[Result "1-0"]
[EventDate "2022.08.21"]
[EventRounds "4"]
[EventType "team"]
[Section "Division A (Premier)"]
[Stage "Preliminary Rounds"]
[Board "1"]
[TimeControl "3600+10"]
[WhiteElo "2167"]
[BlackElo "2107"]
[WhiteTeam "Perth Chess Club A"]
[BlackTeam "Perth Chess Academy A"]
[PlyCount "123"]

1. e4 c5 2. Nf3 Nc6 3. d4 cxd4 4. Nxd4 g6 5. Nc3 Bg7 6. Be3 Nf6 7. Be2 O-O 8.
O-O d5 9. exd5 Nxd5 10. Nxd5 Nxd4 11. Bxd4 Qxd5 12. Bxg7 Qxd1 13. Rfxd1 Kxg7
14. c4 Be6 15. Rd2 Rac8 16. b3 Rc7 17. Rad1 Rfc8 18. f4 h5 19. Kf2 b6 20. h3 h4
21. Ke3 a5 22. a4 Rc5 23. Rd4 Kf6 24. Bf3 Bf5 25. Be4 Bxe4 26. Kxe4 R8c6 27.
Rd5 Re6+ 28. Kf3 Rcc6 29. Kg4 Re2 30. R1d2 Re3 31. Rb5 Re4 32. Rf2 Ke6 33. Kxh4
f6 34. Kg3 Kd7 35. Rd2+ Kc7 36. Kf3 Rce6 37. Rd3 Re1 38. c5 Rf1+ 39. Kg3 Rc1
40. cxb6+ Rxb6 41. Rxa5 Rb1 42. Ra7+ Kc6 43. Rxe7 R6xb3 44. Ree3 Rb4 45. Re6+
Kc5 46. Rxf6 Rxa4 47. Rxg6 Rb2 48. Rg5+ Kc6 49. Rf3 Raa2 50. Kh2 Kd7 51. f5 Ke8
52. h4 Kf8 53. h5 Rb7 54. Kh3 Rb1 55. g3 Rh1+ 56. Kg4 Ra4+ 57. Rf4 Ra3 58. f6
Rg1 59. Rf3 Rxf3 60. Kxf3 Rf1+ 61. Kg4 Rxf6 62. Rf5 1-0

[Event "2022 Harris Edwardes Interclub Competition (Division A)"]
[Site "Leeming, Perth WA AUS"]
[Date "2022.08.21"]
[Round "1"]
[White "Rafiei Darani, Daryoush"]
[Black "Wilkins, Michael"]
[Result "0-1"]
[EventDate "2022.08.21"]
[EventRounds "4"]
[EventType "team"]
[Section "Division A (Premier)"]
[Stage "Preliminary Rounds"]
[Board "2"]
[TimeControl "3600+10"]
[WhiteElo "1771"]
[BlackElo "2111"]
[WhiteTeam "Perth Chess Academy A"]
[BlackTeam "Perth Chess Club A"]
[PlyCount "66"]

1. e4 e5 2. Nf3 Nc6 3. Bb5 a6 4. Ba4 Nf6 5. d3 b5 6. Bb3 Bc5 7. Bg5 h6 8. Bh4
d6 9. c3 Be6 10. Nbd2 Bb6 11. Nf1 g5 12. Bg3 Ne7 13. Bc2 Ng6 14. Ne3 c5 15. d4
cxd4 16. cxd4 Ba5+ 17. Kf1 Qc7 18. d5 Bd7 19. a4 Rc8 20. Bd3 O-O 21. Nc2 bxa4
22. Na3 Bb5 23. Kg1 Bxd3 24. Qxd3 Qc1+ 25. Rxc1 Rxc1+ 26. Qf1 Rxf1+ 27. Kxf1
Nxe4 28. Nc4 Bb4 29. Ke2 f5 30. h3 Rc8 31. Kd3 Rc5 32. Ne3 Nxg3 33. fxg3 e4+
0-1

[Event "2022 Harris Edwardes Interclub Competition (Division A)"]
[Site "Leeming, Perth WA AUS"]
[Date "2022.08.21"]
[Round "1"]
[White "De Vas, Saminda"]
[Black "Umasankar, Naveen Ramnat"]
[Result "1-0"]
[EventDate "2022.08.21"]
[EventRounds "4"]
[EventType "team"]
[Section "Division A (Premier)"]
[Stage "Preliminary Rounds"]
[Board "3"]
[TimeControl "3600+10"]
[WhiteElo "2031"]
[BlackElo "1725"]
[WhiteTeam "Perth Chess Club A"]
[BlackTeam "Perth Chess Academy A"]
[PlyCount "89"]

1. d4 Nf6 2. c4 c5 3. e3 g6 4. Nc3 Bg7 5. Nf3 O-O 6. Be2 d6 7. O-O Nbd7 8. Qc2
a6 9. a3 Qc7 10. b4 b6 11. Bb2 Bb7 12. bxc5 bxc5 13. d5 e6 14. e4 exd5 15. exd5
Rfe8 16. Bd3 Nb6 17. Rfe1 a5 18. Nb5 Qd7 19. a4 Ba6 20. Nd2 Bxb5 21. axb5 a4
22. Kf1 Rxe1+ 23. Kxe1 Qe8+ 24. Kf1 Ra7 25. Nb1 Qa8 26. Ra3 Nfd7 27. Bxg7 Kxg7
28. f4 Qd8 29. g3 Qf6 30. Kg2 h6 31. Qc3 g5 32. Qxf6+ Kxf6 33. Kf3 Nf8 34. Nc3
Ng6 35. Ne4+ Ke7 36. Nd2 Kf6 37. Bc2 gxf4 38. gxf4 Nh4+ 39. Kg4 Ng6 40. h4 h5+
41. Kg3 Ke7 42. Bd3 Kf6 43. Be2 Kf5 44. Bxh5 Nxf4 45. Rf3 1-0

[Event "2022 Harris Edwardes Interclub Competition (Division A)"]
[Site "Leeming, Perth WA AUS"]
[Date "2022.08.21"]
[Round "1"]
[White "Xiao Zhou, Ning"]
[Black "Saxon, Marc"]
[Result "0-1"]
[EventDate "2022.08.21"]
[EventRounds "4"]
[EventType "team"]
[Section "Division A (Premier)"]
[Stage "Preliminary Rounds"]
[Board "4"]
[TimeControl "3600+10"]
[WhiteElo "1583"]
[BlackElo "2015"]
[WhiteTeam "Perth Chess Academy A"]
[BlackTeam "Perth Chess Club A"]
[PlyCount "56"]

1. d4 Nf6 2. c4 g6 3. Nc3 d5 4. cxd5 Nxd5 5. e4 Nxc3 6. bxc3 Bg7 7. Nf3 c5 8.
Be2 Nc6 9. Be3 Bg4 10. Bb5 cxd4 11. cxd4 Qa5+ 12. Qd2 Qxb5 13. Ng1 Qb4 14. Qxb4
Nxb4 15. Rb1 Nc2+ 16. Kd2 Nxe3 17. Kxe3 O-O-O 18. Rc1+ Kb8 19. Rc4 Rc8 20.
Rxc8+ Rxc8 21. f3 Bd7 22. Ne2 Bb5 23. Rd1 Bxe2 24. Kxe2 Rc2+ 25. Rd2 Rxd2+ 26.
Kxd2 Bxd4 27. Kd3 Be5 28. h3 Kc7 0-1

[Event "2022 Harris Edwardes Interclub Competition (Division A)"]
[Site "Leeming, Perth WA AUS"]
[Date "2022.08.21"]
[Round "1"]
[White "Gong, Patrick"]
[Black "Boyd, Tristan"]
[Result "1-0"]
[EventDate "2022.08.21"]
[EventRounds "4"]
[EventType "team"]
[Section "Division A (Premier)"]
[Stage "Preliminary Rounds"]
[Board "1"]
[TimeControl "3600+10"]
[WhiteElo "2508"]
[WhiteTitle "FM"]
[BlackElo "2390"]
[BlackTitle "FM"]
[WhiteTeam "UWA Chess Club A"]
[BlackTeam "Southern Suburbs Chess Club A"]
[PlyCount "73"]

1. e4 c5 2. c3 e6 3. d4 d5 4. exd5 exd5 5. Bb5+ Nc6 6. Nf3 Bd6 7. O-O Nge7 8.
dxc5 Bxc5 9. Bf4 O-O 10. Nbd2 Bg4 11. Bd3 h6 12. Qa4 Bf5 13. Bxf5 Nxf5 14. Rad1
Qd7 15. Qb5 Be7 16. Nb3 Rfd8 17. Qd3 b6 18. Kh1 Bf6 19. Rg1 Nfe7 20. Rge1 Ng6
21. Bg3 Rac8 22. h4 Nce7 23. Nbd4 Qa4 24. a3 Qc4 25. Nb5 a6 26. Qxc4 dxc4 27.
Nd6 Rc6 28. Ne4 Rd5 29. Bd6 Rxd1 30. Rxd1 Nf5 31. Nxf6+ gxf6 32. Bh2 Re6 33. g4
Nfxh4 34. Nd4 Re8 35. Bg3 Rd8 36. Re1 Rd5 37. Re8+ 1-0

[Event "2022 Harris Edwardes Interclub Competition (Division A)"]
[Site "Leeming, Perth WA AUS"]
[Date "2022.08.21"]
[Round "1"]
[White "Fu, Yihe (Rebo)"]
[Black "Ng, Jen Sheng"]
[Result "1-0"]
[EventDate "2022.08.21"]
[EventRounds "4"]
[EventType "team"]
[Section "Division A (Premier)"]
[Stage "Preliminary Rounds"]
[Board "2"]
[TimeControl "3600+10"]
[WhiteElo "2287"]
[BlackElo "2145"]
[BlackTitle "CM"]
[WhiteTeam "Southern Suburbs Chess Club A"]
[BlackTeam "UWA Chess Club A"]
[PlyCount "123"]

1. e4 e6 2. d4 d5 3. e5 c5 4. c3 Nc6 5. Nf3 Nge7 6. dxc5 Ng6 7. b4 Ngxe5 8.
Nxe5 Nxe5 9. Bb2 b6 10. Qh5 Qf6 11. cxb6 axb6 12. Bb5+ Bd7 13. Qe2 Bd6 14.
Bxd7+ Nxd7 15. O-O O-O 16. c4 Qf4 17. g3 Qxc4 18. Qxc4 dxc4 19. Rd1 Be5 20. Nc3
Nf6 21. a4 h6 22. f4 Bxc3 23. Bxc3 Nd5 24. Bd4 Rfc8 25. a5 bxa5 26. bxa5 c3 27.
Ra4 c2 28. Rc1 Rab8 29. a6 Rb1 30. Ra1 Rxa1 31. Bxa1 Nb4 32. a7 Ra8 33. Bc3 Na2
34. Rxc2 Nxc3 35. Rxc3 Rxa7 36. Rc2 g5 37. Kg2 Kg7 38. Kf3 Ra3+ 39. Ke4 Ra4+
40. Ke5 Ra5+ 41. Ke4 Ra4+ 42. Ke5 Ra5+ 43. Ke4 Kf6 44. Kf3 Ra3+ 45. Ke4 Ra4+
46. Kf3 Kf5 47. Rc5+ Kg6 48. Rc3 Ra2 49. h4 gxh4 50. gxh4 Rh2 51. Kg3 Rh1 52.
Rc5 Rg1+ 53. Kf3 h5 54. Rc8 Kg7 55. Rc5 Kg6 56. Rc8 Kg7 57. Rc5 Kh6 58. Rc7 Kg6
59. Rc8 Kh7 60. Rc5 Kh6 61. Rc7 Kg7 62. Rc5 1-0

[Event "2022 Harris Edwardes Interclub Competition (Division A)"]
[Site "Leeming, Perth WA AUS"]
[Date "2022.08.21"]
[Round "1"]
[White "Hardegen, Andrew"]
[Black "Hu, Tommy"]
[Result "1-0"]
[EventDate "2022.08.21"]
[EventRounds "4"]
[EventType "team"]
[Section "Division A (Premier)"]
[Stage "Preliminary Rounds"]
[Board "4"]
[TimeControl "3600+10"]
[WhiteElo "2214"]
[BlackElo "1593"]
[WhiteTeam "Southern Suburbs Chess Club A"]
[BlackTeam "UWA Chess Club A"]
[PlyCount "73"]

1. d4 Nf6 2. c4 e6 3. Nc3 Bb4 4. e3 c5 5. Bd3 Nc6 6. Nge2 d6 7. O-O O-O 8. Bd2
Qe7 9. a3 Ba5 10. Qe1 cxd4 11. Nxd4 Bb6 12. Nxc6 bxc6 13. e4 e5 14. Bg5 h6 15.
Be3 Bxe3 16. Qxe3 Be6 17. Rfd1 Rfd8 18. Be2 Rab8 19. b4 Rb7 20. Rd2 Qc7 21.
Rad1 Rd7 22. h3 Rb8 23. f4 exf4 24. Qxf4 Rbd8 25. c5 Ne8 26. Bg4 Bxg4 27. Qxg4
Nf6 28. Qf4 a5 29. Rd4 Ne8 30. Qd2 Qa7 31. Kh1 axb4 32. axb4 f6 33. Qd3 Ra8 34.
Qc4+ Kh7 35. cxd6 Qa3 36. Qxc6 Rdd8 37. d7 1-0